banner-ar

الجواهر والدرر في ترجمة شيخ الاسلام ابن حجر العسقلانى / (Record no. 2855)

MARC details
000 -الفاتح
حقل البيانات ثابتة الطول 00594nam a2200157Ia 4500
008 - عناصر البيانات ثابتة الطول - معلومات عامة
حقل البيانات ثابتة الطول 140319s9999 xx 000 0 ara d
040 ## - مصدر الفهرسة
وكالة الفهرسة الأصلية GCL /
وكالة النسخ GCL
082 04 - رقم تصنيف ديوى العشرى
رقم التصنيف 922
رقم المادة س ج
100 1# - المدخل الرئيسى - إسم شخصى
الإسم الشخصى شمس الدين محمد بن عبدالرحمن
245 10 - بيان العنوان
العنوان الجواهر والدرر في ترجمة شيخ الاسلام ابن حجر العسقلانى /
بيان المسئوليه,etc شمس الدين محمد بن عبدالرحمن
260 ## - PUBLICATION, DISTRIBUTION, ETC. (IMPRINT)
تاريخ النشر أو التوزيع 1996
300 ## - الوصف المادى
التعداد 499 ص ؛
أبعاد الوعاء 25 سم
650 04 - المدخل الاضافى بالموضوع-مصطلح موضوعى
مصطلح موضوعي ابن حجر العسقلانى
942 ## - عناصر المدخل الإضافي( كوها)
مصدر التصنيف او مخطط الترفيف Dewey Decimal Classification
Koha [default] item type كتاب
260 ## - PUBLICATION, DISTRIBUTION, ETC. (IMPRINT)
-- القاهرة :
-- وزارة الاوقاف ،
Holdings
حالة التراجع حالة الفقد حالة تلف ليس للاعارة المكان المؤقت الموقع الحالى تاريخ الاكتساب اجمالي اﻻعارات رقم الطلب الباركود تاريخ اخر مشاهدة تاريخ تفعيل السعر نوع وعاء كوها
        مكتبة القاهرة الكبرى مكتبة القاهرة الكبرى 03/26/2014   922\ س ج 6395 03/26/2014 03/26/2014 كتاب

Powered By

EGPV